Thuật giải lặp cấp 3 và khai triển tiệm cận cho bài toán biên cho phương trình Kirchhoff với điều kiện biên Dirichlet : Luận văn tốt nghiệp cao học. Ngành Toán Giải tích

Khảo sát bài toán biên cho phương trình sóng Kirchhoff phi tuyến liên kết với điều kiện Dirichlet thuần nhất, và thiết lập kết quả tồn tại và duy nhất nghiệm yếu của bài toán bằng phương pháp xấp xỉ tuyến tính kết hợp với phương pháp G...

Deskribapen osoa

Gorde:
Xehetasun bibliografikoak
Egile nagusia: Bùi, Thị Kim Huệ
Formatua: Liburua
Hizkuntza:Undetermined
Argitaratua: Cần Thơ Trường Đại học Cần Thơ 2013
Gaiak:
Etiketak: Etiketa erantsi
Etiketarik gabe, Izan zaitez lehena erregistro honi etiketa jartzen!
Thư viện lưu trữ: Trung tâm Học liệu Trường Đại học Cần Thơ
LEADER 01431nam a2200217Ia 4500
001 CTU_185426
008 210402s9999 xx 000 0 und d
082 |a 515 
082 |b H507 
088 |a 604601 
100 |a Bùi, Thị Kim Huệ 
245 0 |a Thuật giải lặp cấp 3 và khai triển tiệm cận cho bài toán biên cho phương trình Kirchhoff với điều kiện biên Dirichlet : 
245 0 |b Luận văn tốt nghiệp cao học. Ngành Toán Giải tích 
245 0 |c Bùi Thị Kim Huệ ; Nguyễn Thành Long (Cán bộ hướng dẫn) 
260 |a Cần Thơ 
260 |b Trường Đại học Cần Thơ 
260 |c 2013 
520 |a Khảo sát bài toán biên cho phương trình sóng Kirchhoff phi tuyến liên kết với điều kiện Dirichlet thuần nhất, và thiết lập kết quả tồn tại và duy nhất nghiệm yếu của bài toán bằng phương pháp xấp xỉ tuyến tính kết hợp với phương pháp Galerkin, cùng với kỹ thuật đánh giá tiên nghiệm, kỹ thuật về tính compact và sự hội tụ yếu. 
650 |a Toán học giải tích,Kirchhoff, Fritz,Mathematical analysis 
904 |i Bích Phượng, Trúc 
980 |a Trung tâm Học liệu Trường Đại học Cần Thơ